Introduction to family law in Tanzania / (Record no. 5359)

MARC details
000 -LEADER
fixed length control field 01268cam a2200373 a 4500
001 - CONTROL NUMBER
control field ocn754390036
003 - CONTROL NUMBER IDENTIFIER
control field TZ-ArACH
005 - DATE AND TIME OF LATEST TRANSACTION
control field 20201214130638.0
008 - FIXED-LENGTH DATA ELEMENTS--GENERAL INFORMATION
fixed length control field 110809s2010 tz b 000 0 eng
010 ## - LIBRARY OF CONGRESS CONTROL NUMBER
LC control number 2011349420
020 ## - INTERNATIONAL STANDARD BOOK NUMBER
International Standard Book Number 9987482163
020 ## - INTERNATIONAL STANDARD BOOK NUMBER
International Standard Book Number 9789987482160
035 ## - SYSTEM CONTROL NUMBER
System control number (OCoLC)754390036
040 ## - CATALOGING SOURCE
Original cataloging agency DLC
Language of cataloging eng
Transcribing agency TZ-ArACH
042 ## - AUTHENTICATION CODE
Authentication code lcode
043 ## - GEOGRAPHIC AREA CODE
Geographic area code f-tz---
049 ## - LOCAL HOLDINGS (OCLC)
Holding library TZAA
050 00 - LIBRARY OF CONGRESS CALL NUMBER
Classification number KTT54
Item number .M35 2010
100 1# - MAIN ENTRY--PERSONAL NAME
Personal name Mashamba, Clement J.
245 10 - TITLE STATEMENT
Title Introduction to family law in Tanzania /
Statement of responsibility, etc J. Clement Mashamba.
260 ## - PUBLICATION, DISTRIBUTION, ETC. (IMPRINT)
Place of publication, distribution, etc [Dar es Salaam] :
Name of publisher, distributor, etc Institute of Public Policy and Law in collaboration with the National Organisation for Legal Assistance,
Date of publication, distribution, etc 2010.
300 ## - PHYSICAL DESCRIPTION
Extent xviii, 245 pages ;
Dimensions 25 cm
504 ## - BIBLIOGRAPHY, ETC. NOTE
Bibliography, etc Includes bibliographical references (pages 240-245).
650 #0 - SUBJECT ADDED ENTRY--TOPICAL TERM
Topical term or geographic name as entry element Marriage law
Geographic subdivision Tanzania.
650 #0 - SUBJECT ADDED ENTRY--TOPICAL TERM
Topical term or geographic name as entry element Parent and child (Law)
Geographic subdivision Tanzania.
650 #0 - SUBJECT ADDED ENTRY--TOPICAL TERM
Topical term or geographic name as entry element Divorce
General subdivision Law and legislation
Geographic subdivision Tanzania.
650 #7 - SUBJECT ADDED ENTRY--TOPICAL TERM
Topical term or geographic name as entry element Divorce
General subdivision Law and legislation.
Source of heading or term fast
650 #7 - SUBJECT ADDED ENTRY--TOPICAL TERM
Topical term or geographic name as entry element Marriage law.
Source of heading or term fast
650 #7 - SUBJECT ADDED ENTRY--TOPICAL TERM
Topical term or geographic name as entry element Parent and child (Law)
Source of heading or term fast
651 #7 - SUBJECT ADDED ENTRY--GEOGRAPHIC NAME
Geographic name Tanzania.
Source of heading or term fast
710 2# - ADDED ENTRY--CORPORATE NAME
Corporate name or jurisdiction name as entry element Institute of Public Policy and Law.
710 2# - ADDED ENTRY--CORPORATE NAME
Corporate name or jurisdiction name as entry element National Organization for Legal Assistance (Tanzania)
942 ## - ADDED ENTRY ELEMENTS (KOHA)
Source of classification or shelving scheme Library of Congress Classification
Koha item type Books
Holdings
Home library Current library Date acquired Full call number Barcode Koha item type
African Court on Human and Peoples' Rights Library African Court on Human and Peoples' Rights Library 09/01/2020 KTT54 .M35 2010 10211527 Books
African Court on Human and Peoples' Rights Library African Court on Human and Peoples' Rights Library 14/12/2020 KTT54 .M35 2010 10201491 Books

African Court on Human and Peoples' Rights | For Inquiries Contact » +255 272 510 510